| 000 | 00000nas 2200000za 4500 |
| 001 | 9.820704 |
| 003 | CaOODSP |
| 005 | 20250620075144 |
| 007 | cr ||||||||||| |
| 008 | 160708c20149999oncar p os f0 a0eng|d |
| 022 | |a2562-8828|y1925-3796 |
| 040 | |aCaOODSP|beng |
| 043 | |an-cn--- |
| 086 | 1 |aA71-43E-PDF |
| 245 | 00|aStatistical overview of the Canadian honey and bee industry and the economic contribution of honey bee pollination ... |h[electronic resource]. |
| 246 | 13|aStatistical overview of the Canadian honey and bee industry ... |
| 260 | |aOttawa : |bAgriculture and Agri-Food Canada, |c2016- |
| 310 | |aAnnual |
| 362 | 1 |aBegan with 2013/2014. |
| 500 | |aIssued also in French under title: Aperçu statistique de l'industrie apicole canadienne et contribution économique des services de pollinisation rendus par les abeilles domestiques. |
| 550 | |aPrepared by Horticulture and Cross Sectoral Division, 2013/2014-2016; Crops and Horticulture Division, 2017- |
| 692 | 07|2gccst|aHoney |
| 692 | 07|2gccst|aBeekeeping |
| 692 | 07|2gccst|aAgricultural statistics |
| 710 | 1 |aCanada. |bAgriculture and Agri-Food Canada. |bCrops and Horticulture Division. |
| 710 | 1 |aCanada.|bAgriculture and Agri-Food Canada. |bHorticulture and Cross Sectoral Division. |
| 775 | 08|tAperçu statistique de l'industrie apicole canadienne et contribution économique des services de pollinisation rendus par les abeilles domestiques ... |w(CaOODSP)9.820713 |
| 780 | 00|tStatistical overview of the Canadian honey industry ... |w(CaOODSP)9.813567 |